LEADER 01154nam a2200253 i 4500 001 000000151271 003 CaOOAMICUS 005 20060627000000.0 008 060627s1967 it u000 u ita u 013 $a128609 040 $aSeMil$bita 100 1 $aMußner, Franz <1916- >.$0(OLS)http://semarc/name/9762 240 10$aTod und Auferstehung.$0(OLS)http://semarc/title/221096 245 10$aMorte e resurrezione :$bprediche per la Quaresima su testi della Lettera ai Romani /$cFranz Mussner. 260 $aBrescia :$bPaideia,$ccopyr. 1967. 300 $a68 p. ;$c21 cm. 490 0 $aStudi biblici ;$v6 650 4$aPredicazione - Testi.$0(OLS)http://semarc/subject/510 650 4$aGesù Cristo - Risurrezione - Meditazioni.$0(OLS)http://semarc/subject/17330 830 0$aStudi biblici ;$v6.$0(OLS)http://semarc/title/33 850 $aSeMil 852 $aSeMil$W1$xVenegono$y1$m2WA A 6$j236728$B103301$CSeMilBibl$Z2$F112430 $81 996 $6245$aMorte e resurrezione :$bprediche per la Quaresima su testi della Lettera ai Romani$9(OLS)http://semarc/title/221095 996 $6260$aBrescia :$bPaideia$9(OLS)http://semarc/publisher/29614 LEADER 01013nam a2200241 i 4500 001 000000109042 003 CaOOAMICUS 005 20021022000000.0 008 021022s1997 it u000 u ita u 013 $a81722 040 $aSeMil$bita 100 1 $aBux, Nicola,$c.$0(OLS)http://semarc/name/15984 245 10$aVescovo nella Chiesa :$bnel ventennale di episcopato di Mons. Mariano Magrassi a Bari /$cNicola Bux. 260 $aNoci :$bLa Scala,$ccopyr. 1997. 300 $a119 p. ;$c20 cm. 500 $aFondo Card. C.M. Martini. 650 4$aMagrassi, Mariano .$0(OLS)http://semarc/subject/17523 850 $aSeMil 852 $aSeMil$W1$xVenegono$y1$m3J I 67$j65069$B65069$CSeMilBibl$Z2$F85399 $81 941 1 $a4 961 $aOmaggio: Martini Card. Carlo Maria 996 $6245$aVescovo nella Chiesa :$bnel ventennale di episcopato di Mons. Mariano Magrassi a Bari$9(OLS)http://semarc/title/158222 996 $6260$aNoci :$bLa Scala$9(OLS)http://semarc/publisher/33374